Pentatonix Jumbled-Letter Songs Quiz - Statistics

General Stats
  • This quiz has been taken 971 times
  • The average score is 14 of 30
Answer Stats
Hint Answer % Correct
HAA Aha
98%
HET DRAWIZ FO SHHHA The Wizard of Ahhhs
80%
OLVE GAANI Love Again
78%
LORAC FO HET BLESL Carol of The Bells
74%
PYHOPANE Payphone
66%
SVOME KILE JEGARG Moves Like Jagger
63%
I DENE RUYO VLEO I Need Your Love
61%
DEN FO METI End Of Time
57%
YPAHP Happy
57%
AYS NGHSMOTIE Say Something
56%
RFHTIT HSOP Thrift Shop
56%
TANC LHOD SU Cant Hold Us
55%
FTAD NKUP Daft Punk
53%
NEUVOTIOL FO CYOBENE Evolution of Beyonce
46%
LOTIOVUEN FO CUSMI Evolution of Music
45%
OG LTEL TI NO HET NIUOATMN Go Tell It On The Mountain
42%
CSYNN LDEMEY NSYNC Medley
41%
MANGGNA LYTES Gangnam Style
40%
LATUNRA REDASIST Natural Disaster
38%
SPAHRTISS Starships
38%
HO LHYO THING Oh Holy Night
37%
LENTVNAIE Valentine
28%
SURICNI RFO A NURBISI Cruisin for a Bruisin
27%
VEACTIOIDAR Radioactive
27%
LEGNAS EW EVHA RHADE NO GIHH Angels We Have Heard on High
24%
HNWE OVLE KATES ROVE When Love Takes Over
23%
GEED FO RGYLO Edge of Glory
21%
EW RAE VREEN VEER NIGTTEG CABK REGHTOTE We Are Never Ever Getting Back Together
20%
SHIT SAMRHITCS This Christmas
15%
NOPHELEET Telephone
14%
No matching quizzes found
Score Distribution
Percent of People with Each Score
Percentile by Number Answered
Your Score History
You have not taken this quiz